MARC details
| 000 -LEADER |
| campo de control de longitud fija |
01925nam a2200409 i 4500 |
| 001 - NÚMERO DE CONTROL |
| campo de control |
11383 |
| 003 - IDENTIFICADOR DE NÚMERO DE CONTROL |
| campo de control |
ES-MaACL |
| 005 - FECHA Y HORA DE LA ÚLTIMA TRANSACCIÓN |
| campo de control |
20250803063027.0 |
| 007 - CAMPO FIJO DE DESCRIPCIÓN FÍSICA--INFORMACIÓN GENERAL |
| campo de control de longitud fija |
t| |
| 008 - DATOS DE LONGITUD FIJA--INFORMACIÓN GENERAL |
| campo de control de longitud fija |
920519s1992 sp ||||0| spa j |
| 017 ## - NÚMERO DE COPYRIGHT O DE DEPÓSITO LEGAL |
| Número de copyright o de depósito legal |
M 9194-1992 |
| Agencia que asigna |
Oficina Depósito Legal Madrid |
| 020 ## - NÚMERO INTERNACIONAL ESTÁNDAR DEL LIBRO |
| Número Internacional Estándar del Libro |
84-7100-317-1 |
| 040 ## - FUENTE DE CATALOGACIÓN |
| Centro catalogador/agencia de origen |
M-BN |
| Lengua de catalogación |
spa |
| Centro/agencia transcriptor |
M-BN |
| 080 ## - NÚMERO DE LA CLASIFICACIÓN DECIMAL UNIVERSAL |
| Número de la Clasificación Decimal Universal |
308(460.35)"13/14" |
| 080 ## - NÚMERO DE LA CLASIFICACIÓN DECIMAL UNIVERSAL |
| Número de la Clasificación Decimal Universal |
338.1(460.35)"13/14" |
| 100 1# - ENTRADA PRINCIPAL--NOMBRE DE PERSONA |
| Nombre de persona |
Ladero Quesada, Miguel Ángel, |
| Fechas asociadas al nombre |
1943- |
| Término indicativo de función/relación |
Autor |
| 9 (RLIN) |
159216 |
| 245 10 - MENCIÓN DEL TÍTULO |
| Título |
Andalucía en torno a 1492 : |
| Resto del título |
estructuras, valores, sucesos / |
| Mención de responsabilidad, etc. |
Miguel Ángel Ladero Quesada |
| 260 ## - PUBLICACIÓN, DISTRIBUCIÓN, ETC. |
| Lugar de publicación, distribución, etc. |
Madrid : |
| Nombre del editor, distribuidor, etc. |
MAPFRE, |
| Fecha de publicación, distribución, etc. |
[1992] |
| 300 ## - DESCRIPCIÓN FÍSICA |
| Extensión |
343 páginas : |
| Otras características físicas |
mapas ; |
| Dimensiones |
23 cm |
| 490 1# - MENCIÓN DE SERIE |
| Mención de serie |
Colección Relaciones entre España y América |
| Designación de volumen o secuencia |
2 |
| RLIN |
179037 |
| 490 1# - MENCIÓN DE SERIE |
| Mención de serie |
Colecciones MAPFRE 1492 |
| RLIN |
241455 |
| 500 ## - NOTA GENERAL |
| Nota general |
Índices |
| 504 ## - NOTA DE BIBLIOGRAFÍA, ETC. |
| Nota de bibliografía, etc. |
Bibliografía: páginas 311-330 |
| 505 0# - NOTA DE CONTENIDO CON FORMATO |
| Nota de contenido con formato |
Las dimensiones territoriales y humanas; La tierra y las actividades agrarias; Ciudades, manufacturas y comercio; Repoblación y frontera; El predominio de las aristocracias; Grupos sociales rurales y urbanos; La organización eclesiástica; Religiosidad y cultura; La organización del poder político; Conquista y colonización: la renovación de la herencia medieval |
| 530 ## - NOTA DISPONIBLE DE FORMULARIO FÍSICO ADICIONAL |
| Nota de formato físico adicional disponible |
Disponible en formato digital |
| 651 #7 - PUNTO DE ACCESO ADICIONAL DE MATERIA--NOMBRE GEOGRÁFICO |
| Nombre geográfico |
Andalucía- |
| Subdivisión general |
Situación social- |
| Subdivisión cronológica |
S.V-XV |
| 9 (RLIN) |
167704 |
| 651 #4 - PUNTO DE ACCESO ADICIONAL DE MATERIA--NOMBRE GEOGRÁFICO |
| Nombre geográfico |
Andalucía- |
| Subdivisión general |
Situación económica- |
| Subdivisión cronológica |
S.V-XV |
| 9 (RLIN) |
167705 |
| 710 2# - ENTRADA AGREGADA--NOMBRE DE ENTIDAD CORPORATIVA |
| Nombre de entidad corporativa o nombre de jurisdicción como elemento de entrada |
Fundación MAPFRE América |
| Término indicativo de función/relación |
entidad responsable |
| 9 (RLIN) |
4363 |
| 710 2# - ENTRADA AGREGADA--NOMBRE DE ENTIDAD CORPORATIVA |
| Nombre de entidad corporativa o nombre de jurisdicción como elemento de entrada |
Fundación MAPFRE |
| Término indicativo de función/relación |
Editor |
| 9 (RLIN) |
4362 |
| 830 #0 - PUNTO DE ACCESO ADICIONAL DE SERIE-TÍTULO UNIFORME |
| Título uniforme |
Colección Relaciones entre España y América |
| Designación de volumen o secuencia |
2 |
| 9 (RLIN) |
179037 |
| 830 #0 - PUNTO DE ACCESO ADICIONAL DE SERIE-TÍTULO UNIFORME |
| Título uniforme |
Colecciones MAPFRE 1492 |
| 9 (RLIN) |
241455 |
| 852 ## - LOCALIZACIÓN |
| Ubicación |
ES-MaACL |
| Ubicación en estantería |
Depósito 2 |
| Número de control de estantería |
L-18707 |
| 856 ## - LOCALIZACIÓN Y ACCESO ELECTRÓNICOS |
| Identificador Uniforme de Recursos |
<a href="https://archive.org/details/ladero-m.-a.-andalucia-en-torno-a-1492-1992">https://archive.org/details/ladero-m.-a.-andalucia-en-torno-a-1492-1992</a> |
| Texto de enlace |
Versión en línea |
| Nota pública |
(Internet Archive) |
| 942 ## - ELEMENTOS DE ENTRADA SECUNDARIOS (KOHA) |
| Fuente del sistema de clasificación o colocación |
Clasificación decimal universal |
| Tipo de ítem Koha |
Libro impreso |
| Suprimir en OPAC |
No |